000 00305nam a22001337a 4500
008 171005b xxu||||| |||| 00| 0 eng d
020 _a9781429230438
041 _aeng
080 _a159.9
100 _a59
101 _aPSI
245 _aPSYCHOLOGY AND THE REAL WORLD
_cHOUGH.L.M
942 _2udc
_cBK
999 _c32075
_d32075